书目信息 |
| 题名: |
自然史
|
|
| 作者: | 布丰 著 ;何敬业 , 徐岚 译 | |
| 分册: | ||
| 出版信息: | 长沙 湖南科学技术出版社 2010.03 |
|
| 页数: | 202页 | |
| 开本: | 23cm | |
| 丛书名: | 世界科普经典珍藏 | |
| 单 册: | ||
| 中图分类: | N091 | |
| 科图分类: | ||
| 主题词: | 自然科学史--zi ran ke xue shi--世界--普及读物 | |
| 电子资源: | ||
| ISBN: | 978-7-5357-6096-8 | |
| 000 | 01206nam 2200289 450 | |
| 001 | 012010728808 | |
| 005 | 20100717172626.87 | |
| 010 | @a978-7-5357-6096-8@dCNY22.00 | |
| 100 | @a20100716d2010 em y0chiy0120 ea | |
| 101 | 1 | @achi@cfre |
| 102 | @aCN@b430000 | |
| 105 | @aa z 000yy | |
| 106 | @ar | |
| 200 | 1 | @a自然史@Azi ran shi@d= Natural history@e精华版@f(法) 布丰著@F(fa)bu feng zhu@g何敬业, 徐岚译@Ghe jing ye,xu lan yi@zeng |
| 210 | @a长沙@c湖南科学技术出版社@d2010.03 | |
| 215 | @a202页@c图@d23cm | |
| 225 | 2 | @a世界科普经典珍藏@Ashi jie ke pu jing dian zhen cang |
| 330 | @a本书是18世纪法国著名博物学家布丰《自然史》的选译本,地球史加生命史就是自然史,布丰从唯物主义思想出发,以他独有的进步思想和优美文笔对自然界做了精确、详细、科学的描述和解释,提出了许多有价值的创造性建议,破除了各种宗教迷信和无知妄说。 | |
| 410 | 0 | @12001 @a世界科普经典珍藏 |
| 500 | 10 | @aNatural history@mChinese |
| 606 | 0 | @a自然科学史@Azi ran ke xue shi@y世界@j普及读物 |
| 690 | @aN091@v4 | |
| 701 | 1 | @a布丰@Abu feng@g(Buffon, Georges Louis Leclerc),@f1707-1788@4著 |
| 702 | 0 | @a何敬业@Ahe jing ye@4译 |
| 702 | 0 | @a徐岚@Axu lan@4译 |
| 801 | 0 | @aCN@bQSSK@c20100717 |
| 905 | @b785324-26@dN091@eB980@f3 | |
| 自然史= Natural history:精华版/(法) 布丰著/何敬业, 徐岚译.-长沙:湖南科学技术出版社,2010.03 |
| 202页:图;23cm.-(世界科普经典珍藏) |
| ISBN 978-7-5357-6096-8:CNY22.00 |
| 本书是18世纪法国著名博物学家布丰《自然史》的选译本,地球史加生命史就是自然史,布丰从唯物主义思想出发,以他独有的进步思想和优美文笔对自然界做了精确、详细、科学的描述和解释,提出了许多有价值的创造性建议,破除了各种宗教迷信和无知妄说。 |
| ● |
| 相关链接 |
|
|
|
正题名:自然史
索取号:N091/B980
 
预约/预借
| 序号 | 登录号 | 条形码 | 馆藏地/架位号 | 状态 | 备注 |
| 1 | 785324 | 207853241 | 自科库401/401自科库 137排1列6层/ [索取号:N091/B980] | 在馆 | |
| 2 | 785325 | 207853250 | 期刊室512/401自科库 134排2列4层/ [索取号:N091/B980] | 在馆 | |
| 3 | 785326 | 207853269 | 期刊室512/401自科库 134排2列4层/ [索取号:N091/B980] | 在馆 |